000 00565nam a2200193Ia 4500
003 GCL
008 140319s9999 xx 000 0 ara d
020 _a9772355663
040 _aGCL /
_cGCL
082 0 4 _aق
_b932
_bم م
245 1 0 _aمنطقة ابوصير الاثرية
260 _aالقاهرة :
_bالمجلس الاعلى للاثار ،
_c1996
300 _a ؛
_c16 سم
650 0 4 _aمصر القديمة
650 0 4 _aالاهرام
650 0 4 _aالمصريون القدماء
650 0 4 _aابو صير - الاثار
942 _2ddc
_cBK
999 _c54785
_d54785